Die 10 größten Gaming-YouTuber Deutschland - Statistiken

Allgemein
  • Dieses Quiz wurde 879 mal gespielt
  • Das Durchschnittsergebnis liegt bei 4 aus 10
Antwortstatistiken
Abonnenten Antwort % Korrekt
5,05 Millionen Paluten
83%
4,95 Millionen Gronkh
76%
2,76 Millionen Spontanablack
68%
3,72 Millionen GermanLetsPlay
58%
2,47 Millionen PietSmiet
37%
2,63 Millionen HandofBlood
28%
3,31 Millionen iCrimax
24%
3,32 Millionen Standart Skill
24%
2,55 Millionen AviveHD
10%
2,63 Millionen Arazhul
8%
Keine übereinstimmenden Quizze gefunden
Verteilung der Resultate
Anzahl Personen mit jedem Resultat
Perzentil nach korrekt beantworteten Fragen
Ihre Resultats-Entwicklung
Sie haben dieses Quiz noch nicht gespielt